000
00368nam a2200145Ia 4500
008
231129s2002||||xx |||||||||||||| ||spa||
020
_a
84-204-4338-7
040
_b
spa
082
_a
896.3 C871u
100
_a
Couto Mia
245
0
_a
El Ășltimo vuelo del flamenco
260
_c
2002
264
_a
Alfaguara
942
_2
ddc
_c
BKS
999
_c
12621
_d
12621